| Tag |
First Indicator |
Second Indicator |
Subfields |
| LEADER |
00000cam a22000001a 4500 |
| 001 |
in00002812628 |
| 005 |
20190331184705.0 |
| 006 |
m o d |
| 007 |
cr un mmmapmmp |
| 008 |
090210s1834 dcu o f000 0 eng d |
| 035 |
|
|
|a cis2004315943
|
| 040 |
|
|
|a UMI
|c UMI
|d UtOrBLW
|
| 043 |
|
|
|a n-us---
|
| 099 |
|
|
|a ProQuest Serial Set Number 255 H.doc.73
|
| 110 |
1 |
|
|a United States.
|b Congress.
|b House.
|b Committee on Private Land Claims.
|
| 245 |
1 |
0 |
|a Land claims, S.E. land district, Louisiana [to accompany bill H. R. no. 290]. Letter from the Secretary of the Treasury transmitting reports of the register and receiver of the land office at New Orleans on private land claims, filed for examination under the act of 4th July, 1832, &c.
|
| 246 |
1 |
|
|a Land claims, southeastern district, Louisiana
|
| 264 |
|
1 |
|a Washington :
|b [publisher not identified],
|c 1834.
|
| 300 |
|
|
|a 1 online resource.
|
| 336 |
|
|
|a text
|b txt
|2 rdacontent
|
| 337 |
|
|
|a computer
|b c
|2 rdamedia
|
| 338 |
|
|
|a online resource
|b cr
|2 rdacarrier
|
| 490 |
0 |
|
|a H.doc.73
|
| 500 |
|
|
|a Record is based on bibliographic data in ProQuest U.S. Serial Set Digital Collection (last viewed Feb. 2009). Reuse except for individual research requires license from ProQuest, LLC.
|
| 510 |
3 |
|
|a ProQuest U.S. Serial Set Digital Collection
|
| 500 |
|
|
|a Electronic resource.
|
| 650 |
|
0 |
|a Claims.
|
| 650 |
|
0 |
|a Land tenure.
|
| 651 |
|
0 |
|a Louisiana.
|
| 655 |
|
7 |
|a Electronic books.
|2 local
|
| 710 |
2 |
|
|a ProQuest (Firm)
|
| 830 |
|
0 |
|a United States congressional serial set.
|
| 856 |
4 |
0 |
|u http://proxy.library.tamu.edu/login?url=http://congressional.proquest.com/congcomp/getdoc?SERIAL-SET-ID=255+H.doc.73
|z Connect to the full text of this electronic book
|t 0
|
| 999 |
|
|
|a MARS
|
| 999 |
f |
f |
|s 4ba95908-95f9-3ad2-ac5d-a92cbc74e733
|i ebadc573-7255-3803-92cd-fe7249d8f924
|t 0
|
| 952 |
f |
f |
|a Texas A&M University
|b College Station
|c Electronic Resources
|d Available Online
|t 0
|e ProQuest Serial Set Number 255 H.doc.73
|h Other scheme
|
| 998 |
f |
f |
|a ProQuest Serial Set Number 255 H.doc.73
|t 0
|l Available Online
|